Empleo y salarios pagados por 20653 empresas en el mes de noviembre de 1973

Guardado en:
Bibliografiske detaljer
Institution som forfatter: Costa Rica. Ministerio de Trabajo y Seguridad Social
Format: Texto
Udgivet: San José: Depto de Investigaciones Sociales y Estadística
Fag:
Tags: Tilføj Tag
Ingen Tags, Vær først til at tagge denne postø!

MARC

LEADER 00000 a a2200000 04500
001 17106
003
040 |a CRAI/IIS  |c CRAI/IIS 
090 |a 007200  
110 |a Costa Rica. Ministerio de Trabajo y Seguridad Social  
245 |a Empleo y salarios pagados por 20653 empresas en el mes de noviembre de 1973  
260 |a San José:   |b Depto de Investigaciones Sociales y Estadística  
300 |a 40 p.  
650 |a EMPLEO  
650 |a SALARIOS  
999 |c 3844  |d 3844